Quizzes
Events
Quiz Creation
Community
Videos
Private Events
Remove Ads
Sign In
Join for FREE
Feedback
Dark Mode
Quiz Categories
Sports
Geography
Music
Movies
Television
Just For Fun
Miscellaneous
History
Literature
Language
Science
Gaming
Entertainment
Religion
Holiday
For Kids
Quiz Lab
Recent
Popular Today
Quiz Kudos Today
Editor Picks
Curator Picks
Quizzes by...
Day
Popularity
Type
Ratings
Length
Year
Community
Subscriptions
Recent Discussions
Orange Saloon
Badges
Playlists
Quests
Create
Leaderboards
Showdown
Live 5
Trivia Bingo
Activity
Puzzle Library
Sporcle Events
Private Events
Virtual Trivia
Globe League
Become a Host
Pub Owners
SporcleCon
Opinionation
Our Games
Videos
Blog
Mobile Apps
Partnerships
Remove Ads and Go Orange
Feedback
Movies
Disney
Marvel Cinematic Universe
Movie Resume
Movie Titles
Oscar
Actor
Actress
Director
Pixar
Role
Movie Quotes
Movie Characters
Box Office
Nominee
Best Picture
Star Wars
James Bond
Horror Movies
Movies
Disney
Marvel Cinematic Universe
Movie Resume
Movie Titles
Oscar
Actor
Actress
Director
Pixar
Role
Movie Quotes
Movie Characters
Box Office
Nominee
Best Picture
Star Wars
James Bond
Horror Movies
Random Quiz
Search Sporcle
×
Quiz Lab
Quiz Lab
Movies
Movie Characters
Type in answers that appear in a list
Type in answers that appear in a list
Classic
Best Score? Go Orange.
Name the Movie from the Quote Stats
Can you name the Movie from the Quote?
By
fiimbuff
15m
40 Questions
50 Plays
50 Plays
50 Plays
Comments
Comments
Give Quiz Kudos
Give Quiz Kudos
-
- Ratings
hide this ad
Forced Order
Answers have to be entered in order
Answers have to be entered in order
Replay
Link that replays current quiz
Next Quiz
Link to next quiz in quiz playlist
You Got
0%
They Got
Avg Score
21%
Avg Friend Score
Upgrade to see
Score Distribution
Jump to the score distribution portion of the page
Score
0/40
Timer
15:00
0
Plays Today
Quote
Movie
% Correct
' I'm your number one fan. There's nothing to worry about. You're going to be just fine. I will take good care of you. I'm your number one fan.'
Misery
80%
'That's why every magic trick has a third act, the hardest part, the part we call 'The Prestige'.'
The Prestige
72%
'Remember Red, hope is a good thing, maybe the best of things, and no good thing ever dies.'
The Shawshank Redemption
70%
'Wendy? Darling? Light, of my life. I'm not gonna hurt ya. You didn't let me finish my sentence. I said, I'm not gonna hurt ya. I'm just going to bash your brains in!'
The Shining
64%
'The greatest trick the devil ever pulled was convincing the world he did not exist. And like that... he is gone.'
The Usual Suspects
64%
'Why are you wearing that stupid bunny suit?'
Donnie Darko
60%
'Who needs reasons when you've got heroin?'
Trainspotting
48%
'It's about a girl who gets turned into a swan and she needs love to break the spell, but her prince falls for the wrong girl so she kills herself.'
Black Swan
40%
'You got me out here draggin' your heavy ass through the burnin' desert with your dreadlocks stickin' out the back of my parachute.'
Independence Day
40%
'What is the most resilient parasite? Bacteria? A virus? An intestinal worm? An idea.'
Inception
36%
'Which would be worse -
to live as a monster, or to die as a good man?'
Shutter Island
34%
'Uncomfortable silences. Why do we feel it's necessary to yak about **** in order to be comfortable?'
Pulp Fiction
24%
'When I stepped out, into the bright sunlight from the darkness of the movie house, I had only two things on my mind: Paul Newman, and a ride home.'
The Outsiders
18%
'If it takes a village to raise a child, it takes a village to abuse one.'
Spotlight
18%
'I don't remember a time when I didn't want to be a police officer... apart from the summer of 1979 when I wanted to be Kermit the Frog.'
Hot Fuzz
16%
'When I was four, I didn't even know about the world, and now me and ma are going to live in it forever and ever until we're dead.'
Room
16%
'I have a feeling in a few years people are going to be doing what they always do when the economy tanks. They will be blaming immigrants and poor people. '
The Big Short
14%
'HEY, **** OFF JOHNY UTAH! TURN MY PAGES, BITCH!'
Whiplash
12%
'Random thoughts for Valentine's day, 2004. Today is a holiday invented by greeting card companies to make people feel like crap.'
Eternal Sunshine of the Spotless Mind
12%
'I'm twelve. But I've been twelve for a long time.'
Let the Right One In
10%
Quote
Movie
% Correct
'When I'm around you, I kind of feel like I'm on drugs. Not that I do drugs. Unless you do drugs, in which case I do them all the time. All of them.'
Scott Pilgrim vs. the World
10%
'I'm having a birthday party, but you're not invited, but you can come if you want.'
What's Eating Gilbert Grape
8%
'I had always heard your entire life flashes in front of your eyes the second before you die.'
American Beauty
8%
'Same rules apply.'
Filth
8%
'I remember seeing a condom; I just don't know exactly what it did.'
Obvious Child
8%
'I'm so out of love with you. I've got nothing left for you, nothing, nothing. Nothing, there is nothing here for you.'
Blue Valentine
6%
'Who ya gonna call? Ghostbusters. It's a movie, man. You don't know that movie? A ghost gives Dan Aykroyd oral sex.'
Ex Machina
6%
'A paranoid schizophrenic walks into a bar...'
Legend
6%
'I found freedom. Losing all hope was freedom.'
Fight Club
6%
'You know what I think? I think there's a reason for everything. And I think that there's a plan for everyone. And I think that God has a big plan for me. Just not in this life.'
Gia
4%
'I can't relate to 99% of humanity.'
Ghost World
4%
'Screw you and your grandmother's Chevy Celebrity!'
Whip It
4%
' Me and Kevin were playing Xmas kidnapping.'
We Need to Talk About Kevin
4%
'The world is changed because you are made of ivory and gold. The curves of your lips rewrite history.'
Velvet Goldmine
4%
'I would rather belong to any one... ANYONE, than belong to the Nazis like you do.'
Swing Kids
4%
' And if these pictures have anything important to say to future generations, it's this: I was here. I existed.'
One Hour Photo
4%
'Be careful, you are not in Wonderland. I've heard the strange madness long growing in your soul, in your isolation but you fortunate in your ignorance.'
Kill Your Darlings
2%
'Have you ever confused a dream with life? Or stolen something when you have the cash? Have you ever been blue? Or thought your train moving while sitting still?'
Girl, Interrupted
2%
'It may be in the old days what was known as a spiritual crisis: feeling as though every axiom in your life turned out to be false... and there was actually nothing.'
The End of the Tour
2%
'He did not just get off the ****' couch. If he did, I'm gonna buy a couch like that.'
The Fighter
2%
Quiz Playlist
Details
Report
Send in Message
Add To Playlist
Classic:
Type in answers that appear in a list
Forced Order:
Answers have to be entered in order
Last Updated: Mar 25, 2017
Quiz Scoreboard
CHALLENGE
Sign Up to Join the Scoreboard
Show All
Scores
Hide
Comments
May contain spoilers
Recently Published
Billboard Blitz: Fleetwood Mac
by CooCooCachoo
Music
15s
Presidents Visiting Landmarks
by Hejman
History
7m
An Introduction to Baseball
by treessimontrees
Sports
5m
More to Explore
Quiz From the Vault
Featured Blog Post
Where Did the Easter Bunny Come From?
hide this ad
You Might Also Like...
Tags
Movie Characters Quiz
Movie Quotes Quiz
Quote Quiz
Character
Fictional Characters
Film Connections
Films According
Final Films
Independent Films
Memorable Quotes
On Films
Top Film
Today's Top Quizzes in Movies
Browse Movies
hide this ad
Today's Top Quizzes in Movie Characters
Browse Movie Characters
Top Contributed Quizzes in Movies
1
Pick 5 Posters: Directed by Spielberg
2
7-to-1: Pixar Characters
3
Pick 5 Posters: Lowest-Rated Spielberg
4
Sorting Actors
5
Pick 5 Posters: Directed by Scorsese
6
Sorting Actresses
7
Pick 5 Posters: Star & Director
8
Pick 5 Posters: Women Directed 2020s
9
12 Movies about Fictional 1960s Events
10
Multi-Oscar Nominations, One Movie, One Winner
Explore More
Trending Topics
Anime
Marvel
NBA
Kpop
Crossword
Disney
Harry Potter
Soccer
The Office
Puzzle
NFL
Country
Pokémon
Song
WWE
hide this ad
More By:
fiimbuff
Quiz
Plays
Rating
Category
Featured
Created
Name the Movie from the Quote
50
2.80
Movies
Mar 21, 2017
Go to Creator's Profile
Score Distribution
Quiz Creator Spotlight
fiimbuff
Follow
Send a Message
Quizzes Created
-
Created Quiz Play Count
-
More By This Creator
Popular Quizzes Today
1
Find the US States - No Outlines Minefield
2
Find the Countries of Europe - No Outlines Minefield
3
The Countries of the World
4
Find the US States
5
US States
6
Popular People in 1961
7
Risky Map Clicking: Biggest States A-Z
8
Movies - When Are They Set?
More Movies Quizzes
Characters in 1937 Movie Posters
Quiz Lab
Trending Quizzes
Risky Map Clicking: Least Populous States A-Z
1-10 Letter G Words
1-10 Letter F Words
Risky Map Clicking: Next State Alphabetically
Risky Map Clicking: Biggest States A-Z
Recently Updated
Leaping Animals
pecheneg
Reality TV Shows (A-Z)
bhenderson79
Rickey Henderson's Hall of Fame Teammates
pecheneg
Champions League XIs: Arsenal
pecheneg
Quick Pick: Celebrities in WWE's Hall of Fame
aduchscher
A-Z Keypad Blitz II
pecheneg
Multiple Oscar Actors
pecheneg
Mystery Phrase Blitz: Oscar 'Best Actors'
pecheneg
F. Scott Fitzgerald Novels
LTH
Pick 3 Villains
ddd62291
Trending Topics
Crossword
Kpop
NBA
Disney
Marvel
Harry Potter
Anime
NFL
Soccer
Country
Puzzle
WWE
Pokémon
The Office
Song
Your Account Isn't Verified!
In order to create a playlist on Sporcle, you need to verify the email address you used during registration. Go to your
Sporcle Settings
to finish the process.
Report this User
Report this user for behavior that violates our
Community Guidelines
.
Details:
Send Report
Go to the Sporcle.com Mobile Site →
Comments